World population prospects as assessed in 1973.

Bibliographic Details
Corporate Author: United Nations. Department of Economic and Social Affairs
Format: Book
Language:English
Published: New York : United Nations, 1977.
Series:Population studies (New York, N.Y.) ; no. 60.
Subjects:

MARC

Tag First Indicator Second Indicator Subfields
LEADER 00000cam a2200000 i 4500
001 in00000362621
005 20151011062357.0
008 770802s1977 nyu s i00000 eng d
035 |a (OCoLC)03156286 
035 |9 ABN0280AM 
040 |a ANC  |c ANC  |d OCL  |d TXA  |d UtOrBLW 
049 |a TXAM  |c [1165226] 
090 |a HB885  |b .U52 no.60 
110 2 |a United Nations.  |b Department of Economic and Social Affairs. 
245 1 0 |a World population prospects as assessed in 1973. 
264 1 |a New York :  |b United Nations,  |c 1977. 
300 |a viii, 183 pages ;  |c 28 cm. 
336 |a text  |b txt  |2 rdacontent 
337 |a unmediated  |b n  |2 rdamedia 
338 |a volume  |b nc  |2 rdacarrier 
490 1 |a United Nations. Dept. of Economic and Social Affairs. Population studies ;  |v no. 60 
490 0 |a [United Natins. Document] ; ST/ESA/Ser.A/60 
500 |a "United Nations publication. Sales number E.76.XIII.4." 
504 |a Includes bibliographical references. 
650 0 |a Population. 
830 0 |a Population studies (New York, N.Y.) ;  |v no. 60. 
999 |a MARS 
999 f f |s c72884b1-ddce-3e74-b42f-1c189e46e956  |i 8e05fb11-e28b-39e7-b174-db48b98fb534  |t 0 
952 f f |p ric  |a Texas A&M University  |b Rellis Campus  |c Joint Library Facility  |d Remote Storage  |t 0  |e HB885 .U52 no.60  |h Library of Congress classification  |i unmediated -- volume  |m A14802551290 
998 f f |a HB885 .U52 no.60  |t 0  |l Remote Storage